Teología de la liberación /

Obra que reúne los ensayos de cuatro teólogos sobre algunos aspectos de la teología de la liberación que fueron presentadas ante la Comisión Teológica Internacional, organismo eclesial que se encargó de analizar a esta corriente teológica. Se incluye un documento final que intenta representar por es...

Descrición completa

Gardado en:
Detalles Bibliográficos
Autor Corporativo: Iglesia Católica. Comisión Teológica Internacional
Outros autores: Lehmann, Karl (autor) (autor), Zubizarreta, José Luis (traducción) (traducción), Bravo Rey, Gumersindo (traducción) (traducción)
Formato: Libro
Idioma:Lingua castelá
Publicado: Madrid, España : Ediciones Cristiandad, 1978, c1978
Series:(Biblioteca de Autores Cristianos. Minor ; 48)
Temas:
Etiquetas: Engadir etiqueta
Sen Etiquetas, Sexa o primeiro en etiquetar este rexistro!

MARC

LEADER 00000nam^a2200000^a^4500
001 000188607
005 20250521000000.0
009 20260310102342.192
020 |a 84-220-0879-3 
037 |a Acervo ITESO - Biblioteca 
041 |a ESP 
082 |a 200.  |b BAC MIN V. 48 
110 |a Iglesia Católica.  |b Comisión Teológica Internacional 
245 0 0 |a Teología de la liberación /  |c K. Lehmann... [et al.] ; tr. por J.L. Zubizarreta, G. Bravo Rey. 
264 4 |a Madrid, España :  |b Ediciones Cristiandad,  |c 1978, c1978 
300 |a X, 210 p. 
336 |a texto  |b txt  |2 rdacontenido 
337 |a sin mediación  |b n  |2 rdamedio 
338 |a volumen  |b nc  |2 rdasoporte 
440 1 |a (Biblioteca de Autores Cristianos.  |p Minor ;  |v 48) 
500 |a Traducción de: Theologie der Befreiung 
520 |a Obra que reúne los ensayos de cuatro teólogos sobre algunos aspectos de la teología de la liberación que fueron presentadas ante la Comisión Teológica Internacional, organismo eclesial que se encargó de analizar a esta corriente teológica. Se incluye un documento final que intenta representar por escrito las ideas y opiniones que se expresaron en la asamblea plenaria que se realizó en Roma del a 4 al 9 de octubre de 1976. 
649 |a XX 
650 |a Teología de la Liberación -  |x Tema Principal 
650 |a Teología Doctrinal 
650 |a Iglesia Católica -  |x Autoridad 
650 |a Catolicismo 
650 |a Cristianismo 
650 |a Religión 
700 |a Lehmann, Karl  |e (autor) 
700 |a Zubizarreta, José Luis  |e (traducción) 
700 |a Bravo Rey, Gumersindo  |e (traducción) 
910 |a Fondo General 
920 |a Impresos - Libros 
930 |a Colección General 
905 |a 101 
901 |a 0500406853  |b IT1  |c ACC  |u 20250521 
902 |a https://opac.biblio.iteso.mx/vufind/Record/000188607